| 000 | 00558nam a2200157 a 4500 | ||
|---|---|---|---|
| 001 | 000040166 | ||
| 005 | 20201002033946.0 | ||
| 008 | 130812s1966 sp 000 0 spa d | ||
| 040 |
_aDO-SdBNP _bspa _cBNPHU |
||
| 245 | 0 | 0 |
_aPoesía en movimiento : _bMéxico, 1915-1966 / _cselección y notas de Octavio Paz ... [et al.] ; prólogo de Octavio Paz. |
| 260 |
_aMéxico : _bSiglo XXI, _c1966. |
||
| 300 |
_a476 p. ; _c19 cm. |
||
| 490 | 1 | _aLa Creación literaria. Poesía | |
| 700 | 1 |
_aPaz, Octavio _vpról. _950324 |
|
| 830 | 0 |
_aLa Creación literaria. Poesía _966440 |
|
| 999 |
_c39656 _d39656 |
||